Wszystkie Przystanki MPK w Dzielnicy XI Podgórze Duchackie - Statystyki

Ogólne statystyki
  • Ten quiz został rozwiązany 2 razy
  • Średni wynik to 16 z 31
Statystyki odpowiedzi
Odpowiedź % Poprawnych
Bonarka
100%
Nowosądecka
100%
Piaski Nowe
100%
Witosa
100%
Beskidzka
50%
Bochenka
50%
Bojki
50%
Bujaka
50%
Cechowa
50%
Hala Sportowa Piaski Wielkie
50%
Karpińskiego
50%
Kurdwanów P+R
50%
Kurdwanów Szkoła
50%
Łużycka
50%
Malborska Szkoła
50%
Myślenicka
50%
Piaski Wielkie
50%
Połomskiego
50%
Przy Kuźni
50%
Pszenna
50%
Puszkarska
50%
Sławka
50%
Swoszowice Autostrada
50%
Tuchowska
50%
Wola Duchacka
50%
Wysłouchów
50%
Zajezdnia Wola Duchacka
50%
Hallera
0%
Os. Kurdwanów
0%
Stołajowskiego
0%
Sułkowskiego
0%
Nie znaleziono quizów pasujących do podanych kryteriów
Rozkład punktacji
Procent ludzi z każdym wynikiem
Percentyl według liczby udzielonych odpowiedzi
Twoja historia wyników
Nie rozwiązałeś tego quizu